000 00910nam a2200277 i 4500
003 DO-SdBNP
005 20240530073925.0
007 ta
008 210414e2020 dr ||||er|||| 001 f spa d
020 _a9789945901962
040 _aDO-SdBNP
_bspa
_cBNPHU
_erda
082 4 _aRD863.44
_bV443p
_222
100 1 _aVeloz Maggiolo, Marcio,
_d1936-2021
_91104
_eautor
245 1 0 _aPalimpsesto /
_cMacio Veloz Maggiolo ; prólogo, Danilo Manera.
264 _aSanto Domingo :
_bFundación Marcio Veloz Maggiolo,
_c2020.
300 _a153 páginas ;
_c20 cm.
336 _2rdacontent
_atexto
_btxt
337 _2rdamedia
_asin mediación
_bn
338 _2rdacarrier
_avolumen
590 _aInventariado, 2024/BT
650 0 _aNovela dominicana
_9223
650 4 _aLiteratura dominicana
_978585
700 1 _974048
_aManera, Danilo,
_d1957-
_eprólogo
910 _aValidado. Control de calidad MFF
942 _2ddc
_cLBS1
999 _c49726
_d49726